| 000 | 01058cam a22003131 4500 | ||
|---|---|---|---|
| 001 | sa 68014873 | ||
| 003 | DLC | ||
| 005 | 20260227112636.0 | ||
| 008 | 850617m19671968ii 000 0 sanx | ||
| 010 | _asa 68014873 | ||
| 020 | _c3.00 | ||
| 025 | _aPL480:I-San-1169 | ||
| 035 | _a(OCoLC)13891547 | ||
| 040 |
_aDLC _cNN _dDLC |
||
| 041 | 0 | _asanhin | |
| 042 | _apremarc | ||
| 050 | 0 | 0 |
_aRS127 _b.D25 |
| 100 | 1 | _aDādhīca, Śrīhariśāstrī. | |
| 245 | 1 | 0 |
_aSanjīvanī-sāmrājyam. _cLekhaka Śrīhariśāstri Dādhīca. Anuvādaka Vācaspati Śarmā Ṭīkākāra Madanagopāla Śarmā. |
| 250 | _a[1. saṃskaraṇa. | ||
| 260 |
_aJayapura, _bŚrī As̄vinī Āyurveda Bhavana, _c1967 or 8] |
||
| 300 |
_a9,2,225 p. _c18 cm. |
||
| 490 | 0 |
_aŚrī Aśvinī Āyurvedabhavanasya Granthaḥ, _v1 |
|
| 500 | _aHindi and Sanskrit; introductory matter in Hindi. | ||
| 650 | 0 | _aMedicine, Ayurvedic. | |
| 650 | 0 |
_aMedicine _xFormulae, receipts, prescriptions. |
|
| 700 | 1 |
_aŚarmā, Madanagopāla. _eed. |
|
| 700 | 1 |
_aSharma, Vachaspati, _d1923- _etr. |
|
| 999 |
_c86078 _d86078 |
||